000
00323pab a2200145 454500
008
180718b1990 xxu||||| |||| 00| 0 eng d
100
_a
Simon, Yves R.
245
_a
Law and liberty
260
_c
1990
300
_a
107-18
362
_a
Winter
650
_a
Civil Liberties
773
_a
Review of Politics
909
_a
6074
999
_c
6074
_d
6074